Desde la grada 8ª (Record no. 35305)

MARC details
000 -LEADER
campo de control de longitud fija 00641nam a2200193 i 4500
001 - NÚMERO DE CONTROL
campo de control 35305
003 - IDENTIFICADOR DE NÚMERO DE CONTROL
campo de control ES-MaACL
005 - FECHA Y HORA DE LA ÚLTIMA TRANSACCIÓN
campo de control 20230906155112.0
007 - CAMPO FIJO DE DESCRIPCIÓN FÍSICA--INFORMACIÓN GENERAL
campo de control de longitud fija t|
008 - DATOS DE LONGITUD FIJA--INFORMACIÓN GENERAL
campo de control de longitud fija 030212s1966 sp |||| | spa d
100 1# - ENTRADA PRINCIPAL--NOMBRE DE PERSONA
Nombre de persona Bollain, Adolfo.
9 (RLIN) 29978
245 10 - MENCIÓN DEL TÍTULO
Título Desde la grada 8ª
Resto del título : toros y toreros /
Mención de responsabilidad, etc. Adolfo Bollaín ; portada de José Antonio Bollaín ; prólogo de Luis Fernández Salcedo.
260 ## - PUBLICACIÓN, DISTRIBUCIÓN, ETC.
Lugar de publicación, distribución, etc. Madrid :
Nombre del editor, distribuidor, etc. [s.n.,
Fecha de publicación, distribución, etc. 1966] (
Fabricante Uguina)
300 ## - DESCRIPCIÓN FÍSICA
Extensión 310 p. ;
Dimensiones 18 cm.
650 #4 - PUNTO DE ACCESO ADICIONAL DE MATERIA--TÉRMINO DE MATERIA
Término de materia o nombre geográfico como elemento de entrada Corridas de toros.
9 (RLIN) 11370
700 1# - ENTRADA AGREGADA--NOMBRE PERSONAL
Nombre de persona Bollaín, José Antonio.
9 (RLIN) 29980
700 1# - ENTRADA AGREGADA--NOMBRE PERSONAL
Nombre de persona Fernández Salcedo, Luis.
9 (RLIN) 50061
852 ## - LOCALIZACIÓN
Ubicación ES-MaACL
Número de control de estantería C-30452
Holdings
Estatus retirado Estado de pérdida Estado de daño No para préstamo Biblioteca de origen Biblioteca actual Ubicación en estantería Fecha de adquisición Fuente de adquisición Total de préstamos Signatura topográfica completa Código de barras Visto por última vez Precio de reemplazo Tipo de ítem Koha
        Biblioteca del Ateneo de Madrid Biblioteca del Ateneo de Madrid Depósito 2 17/01/2008     C-30452 1036933 23/02/2023 23/02/2023 Libro impreso